Statistics for Flags with a Weapon or Tool on Them

Click here to take the quiz!

General Stats

  • This quiz has been taken 30 times
    (11 since last reset)
  • The average score is 13 of 15

Answer Stats

Answer% Correct
Andorra
100%
Angola
100%
Kenya
100%
Saudi Arabia
100%
Sri Lanka
100%
Vatican City
100%
Barbados
89%
Dominican Republic
89%
Eswatini
89%
Belize
78%
Guatemala
78%
Moldova
78%
Montenegro
78%
Mozambique
78%
Oman
78%

Score Distribution

Percentile by Number Answered

Percent of People with Each Score

Your Score History

You have not taken this quiz since the last reset